Normal view
MARC view
- Frequency Selective Surfaces
Entry Topical Term
001 - CONTROL NUMBER
- control field: 124008
003 - CONTROL NUMBER IDENTIFIER
- control field: NUST
005 - DATE AND TIME OF LATEST TRANSACTION
- control field: 20240702175132.0
008 - FIXED-LENGTH DATA ELEMENTS
- fixed length control field: 240702|| aca||aabn | a|a d
040 ## - CATALOGING SOURCE
- Original cataloging agency: NUST
- Transcribing agency: NUST
150 ## - HEADING--TOPICAL TERM
- Topical term or geographic name entry element: Frequency Selective Surfaces
670 ## - SOURCE DATA FOUND
- Source citation: Work cat.: (NUST): Ben A. Munk 124007, Frequency Selective Surfaces, 2000.
